[Event "European Online Club-ch-A 2021"]
[Site "Online"]
[Date "2021.03.27"]
[Round "9.18"]
[White "Bacrot, Etienne"]
[Black "Nemec, Jachym"]
[Result "1-0"]
[WhiteElo "2678"]
[BlackElo "2229"]
[Annotator "ChessBase"]
[PlyCount "59"]
[EventDate "2021.03.27"]
[EventType "team-tourn"]
[EventCountry "NET"]
[SourceTitle "playchess.com"]
[Source "ChessBase"]
[SourceQuality "1"]
[TimeControl "900+5"]

1. e4 {[%emt 0:00:00]} c5 {[%emt 0:00:02]} 2. Nf3 {[%emt 0:00:03]} Nc6 {[%emt 0:00:02]} 3. g3 {[%emt 0:00:02]} Nf6 {[%emt 0:00:15]} 4. d3 {[%emt 0:00:02]} e6 {[%emt 0:00:12]} 5. Bg2 {[%emt 0:00:03]} d5 {[%emt 0:00:01]} 6. Nbd2 {[%emt 0:00:02]} Be7 {[%emt 0:00:02]} 7. O-O {[%emt 0:00:01]} b5 {[%emt 0:00:11]} 8. Re1 {[%emt 0:00:08]} a5 {[%emt 0:00:05]} 9. e5 {[%emt 0:00:03]} Nd7 {[%emt 0:00:02]} 10. Nf1 {[%emt 0:00:01]} Ba6 {[%emt 0:00:02]} 11. h4 {[%emt 0:00:02]} b4 {[%emt 0:00:02]} 12. N1h2 {[%emt 0:00:03]} Qc7 {[%emt 0:00:02]} 13. Bf4 {[%emt 0:00:39]} h6 {[%emt 0:00:12]} 14. Ng4 {[%emt 0:00:05]} O-O-O {[%emt 0:00:07]} 15. a3 {[%emt 0:00:03]} Kb7 {[%emt 0:00:07]} 16. axb4 {[%emt 0:00:08]} axb4 {[%emt 0:00:06]} 17. c3 {[%emt 0:00:07]} Ra8 {[%emt 0:00:06]} 18. Qc2 {[%emt 0:00:21]} Nb6 {[%emt 0:00:26]} 19. h5 {[%emt 0:00:10]} c4 {[%emt 0:00:09]} 20. dxc4 {[%emt 0:00:03]} Nxc4 {[%emt 0:00:05]} 21. Ne3 {[%emt 0:00:08]} Bb5 {[%emt 0:00:08]} 22. Nxc4 {[%emt 0:00:04]} Bxc4 {[%emt 0:00:02]} 23. Nd2 {[%emt 0:00:02]} Na5 {[%emt 0:01:17]} 24. b3 {[%emt 0:00:46]} Bb5 {[%emt 0:00:41]} 25. c4 {[%emt 0:00:04]} Rhd8 {[%emt 0:01:42]} 26. Rec1 {[%emt 0:00:25]} Bc6 {[%emt 0:00:43]} 27. cxd5 {[%emt 0:00:03]} exd5 {[%emt 0:00:03]} 28. e6 {[%emt 0:00:05]} Bd6 {[%emt 0:00:04]} 29. e7 {[%emt 0:00:07]} Rd7 {[%emt 0:00:33]} 30. Rxa5 {[%emt 0:00:14]} 1-0

[Event "European Online Club-ch-A 2021"]
[Site "Online"]
[Date "2021.03.27"]
[Round "9.20"]
[White "Naiditsch, Arkadij"]
[Black "Smolik, Jachym"]
[Result "1-0"]
[WhiteElo "2649"]
[BlackElo "2073"]
[Annotator "ChessBase"]
[PlyCount "63"]
[EventDate "2021.03.27"]
[EventType "team-tourn"]
[EventCountry "NET"]
[SourceTitle "playchess.com"]
[Source "ChessBase"]
[SourceQuality "1"]
[TimeControl "900+5"]

1. e4 {[%emt 0:00:00]} c6 {[%emt 0:00:02]} 2. d4 {[%emt 0:00:02]} d5 {[%emt 0:00:02]} 3. exd5 {[%emt 0:00:01]} cxd5 {[%emt 0:00:01]} 4. c4 {[%emt 0:00:00]} Nf6 {[%emt 0:00:03]} 5. Nc3 {[%emt 0:00:02]} g6 {[%emt 0:00:01]} 6. Qb3 {[%emt 0:00:03]} Bg7 {[%emt 0:00:05]} 7. cxd5 {[%emt 0:00:02]} O-O {[%emt 0:00:02]} 8. Nge2 {[%emt 0:00:01]} Nbd7 {[%emt 0:00:03]} 9. g3 {[%emt 0:00:02]} Nb6 {[%emt 0:00:04]} 10. Bg2 {[%emt 0:00:03]} Bg4 {[%emt 0:00:28]} 11. Nf4 {[%emt 0:00:06]} Rc8 {[%emt 0:01:15]} 12. O-O {[%emt 0:00:02]} Ne8 {[%emt 0:00:31]} 13. Re1 {[%emt 0:00:04]} Nd6 {[%emt 0:00:05]} 14. Be3 {[%emt 0:00:06]} Nbc4 {[%emt 0:00:55]} 15. Rac1 {[%emt 0:00:06]} a6 {[%emt 0:00:23]} 16. a3 {[%emt 0:00:03]} Qb6 {[%emt 0:00:25]} 17. Qxb6 {[%emt 0:00:04]} Nxb6 {[%emt 0:00:02]} 18. h3 {[%emt 0:00:03]} Bf5 {[%emt 0:00:12]} 19. g4 {[%emt 0:00:02]} Bd7 {[%emt 0:00:03]} 20. Nd3 {[%emt 0:00:05]} Nbc4 {[%emt 0:00:22]} 21. Bg5 {[%emt 0:00:03]} f6 {[%emt 0:00:43]} 22. Bf4 {[%emt 0:00:04]} Kf7 {[%emt 0:00:13]} 23. Nc5 {[%emt 0:00:02]} Rfd8 {[%emt 0:00:49]} 24. Re2 {[%emt 0:00:02]} Bb5 {[%emt 0:00:46]} 25. Rce1 {[%emt 0:00:04]} Bf8 {[%emt 0:00:20]} 26. a4 {[%emt 0:00:02]} Bd7 {[%emt 0:01:11]} 27. b3 {[%emt 0:00:02]} Na5 {[%emt 0:01:37]} 28. N3e4 {[%emt 0:00:01]} b6 {[%emt 0:00:20]} 29. Ne6 {[%emt 0:00:06]} Bxe6 {[%emt 0:00:26]} 30. dxe6+ {[%emt 0:00:00]} Kxe6 {[%emt 0:00:53]} 31. Nxd6+ {[%emt 0:00:02]} Kd7 {[%emt 0:00:01]} 32. Nxc8 {[%emt 0:00:01]} 1-0